[Event "Challenge"]
[Site "http://www.queenalice.com/game.php?id=1195025"]
[Date "2013.6.28"]
[Round "-"]
[White "HerbertPaulo"]
[Black "BALASH"]
[Result "0-1"]
[WhiteElo "1458"]
[BlackElo "1348"]

1. e4 e5 2. Nf3 Nc6 3. Bb5 Bd6 4. O-O Nf6 5. Nc3 O-O 6. d4 Ne7 7. Bg5 a6 8. Bxf6
gxf6 9. Be2 Bb4 10. dxe5 fxe5 11. Nxe5 d6 12. Nd3 Kh8 0-1

[Event "1"]
[Site "http://www.queenalice.com/game.php?id=1245676"]
[Date "2014.1.5"]
[Round "-"]
[White "HerbertPaulo"]
[Black "APSHOOTER"]
[Result "1-0"]
[WhiteElo "1509"]
[BlackElo "1539"]

1. e4 d5 2. exd5 Qxd5 3. Nc3 Qe5+ 4. Be2 Bg4 5. d4 Bxe2 6. Ngxe2 Qf6 7. O-O e6
8. Be3 Nc6 9. Qd2 O-O-O 10. Bg5 Qf5 11. Bxd8 Kxd8 12. d5 exd5 13. Qxd5+ Qxd5 14.
Nxd5 Bd6 15. Rad1 Nge7 16. Nxe7 Kxe7 17. Nd4 Nxd4 18. Rxd4 Re8 19. Re1+ Kf8 20.
Rxe8+ Kxe8 21. Kf1 Be5 22. Re4 f6 23. f4 1-0

[Event "2"]
[Site "http://www.queenalice.com/game.php?id=1245714"]
[Date "2014.1.5"]
[Round "-"]
[White "HerbertPaulo"]
[Black "Givanildo"]
[Result "1-0"]
[WhiteElo "1560"]
[BlackElo "1508"]

1. e4 e5 2. Nf3 Qf6 3. Be2 h6 4. d3 Bc5 5. O-O d6 6. Nc3 Ne7 7. Nb5 Na6 8. a4
Qg6 9. Ne1 h5 10. Be3 Bxe3 11. fxe3 f6 12. c4 Qh6 13. Nc2 Nc5 14. Nxc7+ Kf8 15.
Nxa8 Qg5 16. Nc7 Nb3 17. Ra2 h4 18. Nb4 Qxe3+ 19. Kh1 h3 20. g3 Nd4 21. b3 Nxe2
22. Rxe2 Qc5 23. Ncd5 Nxd5 24. Nxd5 Bg4 25. Nxf6 gxf6 26. Qe1 Bxe2 27. Qxe2 f5
28. Rxf5+ Ke7 29. Qf2 Qa3 30. Rf7+ Ke8 31. Rxb7 Qc1+ 32. Qg1 Qh6 33. Qf1 Rf8 34.
Rb8+ Ke7 35. Rxf8 Qxf8 36. Qxf8+ Kxf8 37. b4 a5 38. b5 Ke8 39. g4 Kf7 40. b6 Kg6
41. b7 Kg5 42. b8=Q Kxg4 43. Qxd6 Kf3 44. Qxe5 Ke3 45. d4 Kd3 46. c5 1-0

[Event "3"]
[Site "http://www.queenalice.com/game.php?id=1245715"]
[Date "2014.1.5"]
[Round "-"]
[White "HerbertPaulo"]
[Black "junipero"]
[Result "0-1"]
[WhiteElo "1574"]
[BlackElo "2019"]

1. e4 c5 2. Nf3 Nc6 3. Be2 d6 4. O-O e5 5. d3 h6 6. Nc3 Nf6 7. Nd5 Nxd5 8. exd5
Ne7 9. c4 Ng6 10. Be3 Be7 11. Ne1 Nh4 12. Bg4 O-O 13. Bxc8 Rxc8 14. Qg4 f5 15.
Qd1 f4 16. Bd2 Qe8 17. Nf3 Nxf3+ 18. Qxf3 Qg6 19. Qe4 Qg4 20. f3 Qf5 21. Rae1 a6
22. Qxf5 Rxf5 23. Rc1 g5 24. Rc3 Bf6 25. Rb3 Rb8 26. Rb6 Be7 27. Rc1 Rf6 28. Rc3
Bd8 29. Rbb3 Ba5 30. Rc2 Bxd2 31. Rxd2 b5 32. cxb5 axb5 33. Ra3 Rff8 34. Ra6
Rfd8 35. Kf2 b4 36. b3 Rd7 37. Rb2 Kf7 38. g3 Kg6 39. g4 h5 40. h3 hxg4 41. fxg4
Rh8 42. Kg2 Rb8 43. a3 bxa3 44. Rxa3 Rdb7 45. Kf3 Rb6 46. Rb1 Rb4 47. Ra6 R8b6
48. Rxb6 Rxb6 0-1

[Event "4"]
[Site "http://www.queenalice.com/game.php?id=1245716"]
[Date "2014.1.5"]
[Round "-"]
[White "HerbertPaulo"]
[Black "Knightgirl"]
[Result "1-0"]
[WhiteElo "1578"]
[BlackElo "1724"]

1. e4 e5 2. Nf3 Nc6 3. Be2 Nf6 4. d3 Bc5 5. O-O O-O 6. Bg5 Bd4 7. Nxd4 Nxd4 8.
Nc3 Ne6 9. Nd5 Nxg5 10. Qd2 h6 11. c4 c6 12. Nxf6+ Qxf6 13. f4 Nh7 14. Qc3 exf4
15. Qc1 d6 16. Rxf4 Qg5 17. Qe3 Bh3 18. Bf1 Be6 19. Be2 Qe5 20. d4 Qg5 21. Raf1
Qg6 22. R4f2 Qg5 23. Qc3 Qa5 24. Qxa5 b6 25. Qd2 Nf6 26. Rxf6 d5 27. R6f4 dxc4
28. Bg4 Bxg4 29. Rxg4 Kh7 30. Qf4 Rae8 31. Qf5+ Kg8 32. Qf6 g6 33. e5 Re6 34.
Rxg6+ 1-0

[Event "5"]
[Site "http://www.queenalice.com/game.php?id=1245717"]
[Date "2014.1.5"]
[Round "-"]
[White "HerbertPaulo"]
[Black "charles31"]
[Result "1-0"]
[WhiteElo "1537"]
[BlackElo "1705"]

1. e4 e5 2. f4 exf4 3. Nf3 g5 4. Bc4 f6 5. O-O h5 6. e5 g4 7. exf6 Qxf6 8. Ne5
Bc5+ 9. d4 Bb6 10. Kh1 d6 11. Rxf4 Bf5 12. Nf7 Rh7 13. c3 Rxf7 14. Bxf7+ Qxf7
15. Na3 a6 16. Be3 Nd7 17. Qd2 O-O-O 18. Raf1 Ne7 19. Nc4 Ba7 20. Qe2 Rf8 21.
Bg1 Nb6 22. Nxb6+ Bxb6 23. Bf2 Qg6 24. Qxe7 Re8 25. Qh4 Bd3 26. Rd1 Bb5 27. Rf6
Qc2 28. Rg1 Qh7 29. Qg5 Bd7 30. Re1 Rg8 31. Qh6 Qxh6 32. Rxh6 Kb8 33. Rxh5 Rf8
34. Kg1 c6 35. Rh7 Bf5 36. Rg7 Bd8 37. Bg3 Bc7 38. Ree7 Rc8 39. Bxd6 1-0

[Event "6"]
[Site "http://www.queenalice.com/game.php?id=1245718"]
[Date "2014.1.5"]
[Round "-"]
[White "HerbertPaulo"]
[Black "Delbo"]
[Result "1/2-1/2"]
[WhiteElo "1438"]
[BlackElo "2077"]

1. e4 g6 2. d4 Bg7 3. Nf3 d6 4. Be2 Nf6 5. Nc3 O-O 6. O-O Nbd7 7. h3 e5 8. d5 c5
9. Be3 Ne8 10. Qd2 f5 11. exf5 Rxf5 12. Bh6 Nb6 13. Bxg7 Nxg7 14. Ne4 Rf4 15.
Ng3 Qf6 16. Rad1 h5 17. Qd3 Bf5 18. Qd2 Bd7 19. Qd3 c4 20. Qe3 Nf5 21. Nxf5 Bxf5
22. c3 Rf8 23. Nd2 g5 24. Bxh5 Bd3 25. g3 Bxf1 26. gxf4 gxf4 27. Qf3 Bd3 28. Ne4
Qh6 29. Bg4 Nxd5 30. Kh2 Bxe4 31. Qxe4 Nf6 32. Qxc4+ Kh8 33. Qe2 Rg8 34. f3 b6
1/2-1/2

[Event "7"]
[Site "http://www.queenalice.com/game.php?id=1245719"]
[Date "2014.1.5"]
[Round "-"]
[White "HerbertPaulo"]
[Black "myouga"]
[Result "0-1"]
[WhiteElo "1609"]
[BlackElo "1475"]

1. e4 e6 2. d4 d6 3. Nf3 Be7 4. Be2 Nf6 5. Nc3 a6 6. O-O Bd7 7. Bg5 Nh5 8. Bxe7
Qxe7 9. Nd2 Nf6 10. f4 Nc6 11. e5 dxe5 12. fxe5 Nd5 13. Nxd5 exd5 14. c3 O-O-O
15. Qb3 Qg5 16. Nf3 Qe3+ 17. Rf2 Bg4 18. c4 Qxb3 19. axb3 Bxf3 20. Bxf3 Nxd4 21.
Bg4+ Kb8 22. Rxf7 Nxb3 23. Raf1 dxc4 24. Be6 Nd2 25. Re1 g6 26. Rd7 Nb3 27. Red1
Rde8 28. Bxc4 Nc5 29. R7d5 Ne6 30. Rd7 Ng5 31. Re1 Kc8 32. Rg7 b5 33. Bb3 Kb7
34. h3 h5 35. Rxg6 Nh7 36. e6 Nf8 37. Rf6 Kb6 38. e7+ Ka5 39. exf8=Q Rxe1+ 40.
Kf2 Rxf8 41. Rxf8 Rb1 42. Bf7 Rxb2+ 43. Kg3 c5 44. Bxh5 c4 45. Rc8 Kb4 46. Be8
c3 47. h4 c2 48. h5 Rb3+ 49. Kh4 Rc3 50. Rb8 c1=Q 0-1

[Event "11"]
[Site "http://www.queenalice.com/game.php?id=1245893"]
[Date "2014.1.6"]
[Round "-"]
[White "HerbertPaulo"]
[Black "Gadou"]
[Result "1-0"]
[WhiteElo "1526"]
[BlackElo "1412"]

1. e4 e5 2. Nf3 Bd6 3. Bc4 Nh6 4. O-O Qf6 5. Nc3 O-O 6. d3 c6 7. Bg5 Qg6 8. Bh4
b5 9. Bb3 Qg4 10. Bg3 Qg5 11. Nxg5 g6 12. Qf3 Kg7 13. Qe2 b4 14. Nd1 Ba6 15. Ne3
f5 16. exf5 gxf5 17. Nc4 Bc7 18. Nxe5 Re8 19. Qd2 c5 20. Nxd7 Bxg3 21. Nxb8 Bxb8
22. Ne6+ Kf6 23. Qxh6+ Ke5 24. f4+ Kd6 25. Ng7+ Kd7 26. Nxe8 Bb5 27. Qe6+ Kd8
28. Qd5+ Kxe8 29. Qxa8 1-0

[Event "12"]
[Site "http://www.queenalice.com/game.php?id=1245894"]
[Date "2014.1.6"]
[Round "-"]
[White "HerbertPaulo"]
[Black "JamesBrown"]
[Result "1-0"]
[WhiteElo "1600"]
[BlackElo "1413"]

1. e4 e5 2. Nf3 Nc6 3. Bc4 Nf6 4. Nc3 Be7 5. O-O O-O 6. d3 d6 7. Bg5 h6 8. Bh4
Bg4 9. Bxf6 Bxf6 10. Nd5 Nd4 11. Kh1 c6 12. Ne3 Nxf3 13. gxf3 Bh5 14. Ng4 Bxg4
15. fxg4 Bg5 16. d4 d5 17. exd5 cxd5 18. Be2 exd4 19. Qxd4 Qe8 20. Bd3 b6 21.
Qxd5 Rd8 22. Qf5 g6 23. Qf3 Qe5 24. Qe4 Bf6 25. Qxe5 Bxe5 26. Rab1 Rd4 27. f3 f5
28. Rbe1 Bf4 29. gxf5 gxf5 30. Re7 Bd6 31. Rxa7 Rh4 32. Rg1+ Kh8 33. Rg2 Rh3 34.
Rf2 Bg3 35. Re2 Be5 36. Rxe5 Rxf3 37. Ree7 h5 38. Rh7+ Kg8 39. Rag7# 1-0

[Event "14"]
[Site "http://www.queenalice.com/game.php?id=1246286"]
[Date "2014.1.8"]
[Round "-"]
[White "HerbertPaulo"]
[Black "marreta7"]
[Result "0-1"]
[WhiteElo "1588"]
[BlackElo "1628"]

1. e4 e5 2. Nf3 Nc6 3. Bb5 Nge7 4. O-O a6 5. Be2 h6 6. d3 Ng6 7. Nc3 Bc5 8. Nd5
d6 9. c4 Be6 10. Rb1 O-O 11. Bd2 Bxd5 12. exd5 Nh4 13. Ne1 Nd4 14. Be3 Nxe2+ 15.
Qxe2 Bxe3 16. fxe3 Qg5 17. Nf3 Nxf3+ 18. Qxf3 Qg6 19. e4 Rfe8 20. Qf5 Qxf5 21.
Rxf5 b5 22. b3 bxc4 23. bxc4 Rab8 24. Rb3 Rxb3 25. axb3 Rb8 26. d4 exd4 27. Rf3
c5 28. Kf2 a5 29. Ke2 Ra8 30. Kd2 a4 31. bxa4 Rxa4 32. Rb3 Ra2+ 33. Kd3 Rxg2 34.
Rb6 Rxh2 35. Rxd6 Ra2 36. Rd8+ Kh7 37. Rc8 Ra3+ 38. Kd2 Re3 39. d6 Rxe4 40. d7
g5 41. d8=Q Kg6 0-1

[Event "15"]
[Site "http://www.queenalice.com/game.php?id=1246288"]
[Date "2014.1.8"]
[Round "-"]
[White "HerbertPaulo"]
[Black "SalsaKing"]
[Result "1-0"]
[WhiteElo "1486"]
[BlackElo "1666"]

1. e4 e5 2. f4 Nc6 3. Nf3 d6 4. Bb5 a6 5. Bxc6+ bxc6 6. O-O Bg4 7. fxe5 dxe5 8.
Nc3 Bd6 9. Qe1 h5 10. d3 Ne7 11. Be3 1-0

[Event "16"]
[Site "http://www.queenalice.com/game.php?id=1246289"]
[Date "2014.1.8"]
[Round "-"]
[White "HerbertPaulo"]
[Black "griso"]
[Result "1-0"]
[WhiteElo "1574"]
[BlackElo "1280"]

1. e4 d6 2. d4 e5 3. Nf3 Nf6 4. dxe5 Nxe4 5. c3 dxe5 6. Qxd8+ Kxd8 7. Bd3 Bf5 8.
O-O Nc6 9. Nbd2 Nxd2 10. Nxd2 Bc5 11. Bxf5 g6 12. Bh3 f5 13. Nb3 b6 14. Nxc5 Ke7
15. Bg5+ 1-0

[Event "13"]
[Site "http://www.queenalice.com/game.php?id=1248069"]
[Date "2014.1.15"]
[Round "-"]
[White "Ricardoabreu"]
[Black "HerbertPaulo"]
[Result "1-0"]
[WhiteElo "1430"]
[BlackElo "1572"]

1. d3 d5 2. g3 Nf6 3. Bg2 e6 4. b3 Be7 5. Bb2 O-O 6. Nf3 c6 7. e3 Nbd7 8. Ne5
Nxe5 9. Bxe5 Qa5+ 10. Bc3 Bb4 11. Qd2 c5 12. a3 Bxc3 13. Nxc3 d4 14. Nb1 Qxd2+
15. Nxd2 Nd5 16. Ne4 dxe3 17. fxe3 Nxe3 18. Kf2 Nxc2 19. Rac1 1-0